00502nam a2200121Ia 45000010005000000080041000050820030000461000125000762450089002012600048002909010027003389990015003653770241024s9999 xx 000 0 und d aRD/621.3822/R426n/A3/2014 aRepública Dominicana.Presidencia de la República Dominicana. Dirección General de Etica e Integridad Gubernamental 0aNortic A3 2014, Normas sobre publicaciones de datos abiertos del gobierno dominicano bSanto Domingo, República Dominicanoc2014 a29/5/2014 8:51:58 a.m. c8053d8053